000 00590nam a2200181Ia 4500
003 OSt
005 20210122110726.0
008 190216s9999||||xx |||||||||||||| ||und||
020 _a9780071332118
040 _coclc
082 _a001
_bSHA/G
100 _aSharma, Arun
_98357
245 0 _aGeneral Studies Paper 2 For Civil Service Preliminary Examination 2012 /
_cArun Sharma ; Hari Mohan Prasad
260 _bTata Mcgraw-Hill Education Private Limited,
_c2011.
_aNew Delhi:
300 _a712p
650 _aEconomics
942 _cREF
_2ddc
_h001
_iSHA/G
_k001
_mSHA/G
999 _c11108
_d11108